[Event "European Youth Chess Championship G16"]
[Site "Prague, Top Hotel Prague"]
[Date "2012.08.25"]
[Round "9.9"]
[White "Amiridou, Dimitra"]
[Black "Shamatava, Ana"]
[Result "0-1"]
[WhiteElo "1752"]
[BlackElo "2086"]
[PlyCount "0"]
[EventDate "2012.08.17"]

1. e4 {[%clk 1:30:51]} c5 {[%clk 1:30:37]} 2. Nf3 {[%clk 1:31:08]} Nc6
{[%clk 1:30:55]} 3. d4 {[%clk 1:31:18]} cxd4 {[%clk 1:31:20]} 4. Nxd4
{[%clk 1:31:38]} Nf6 {[%clk 1:31:39]} 5. Nc3 {[%clk 1:31:25]} d6 {[%clk 1:32:02]}
6. Be2 {[%clk 1:24:09]} Nxd4 {[%clk 1:32:08]} 7. Qxd4 {[%clk 1:24:11]} g6
{[%clk 1:32:33]} 8. Bg5 {[%clk 1:20:50]} Bg7 {[%clk 1:32:55]} 9. Nd5
{[%clk 1:17:06]} O-O {[%clk 1:32:17]} 10. Nxf6+ {[%clk 1:11:53]} exf6
{[%clk 1:32:18]} 11. Bf4 {[%clk 1:10:21]} f5 {[%clk 1:24:32]} 12. Qb4
{[%clk 0:56:29]} fxe4 {[%clk 1:08:21]} 13. Bxd6 {[%clk 0:55:19]} a5
{[%clk 1:06:10]} 14. Qc5 {[%clk 0:54:21]} b6 {[%clk 0:58:58]} 15. Qd5
{[%clk 0:40:00]} Be6 {[%clk 0:53:42]} 16. Qd2 {[%clk 0:37:34]} Bxb2
{[%clk 0:50:22]} 17. Rd1 {[%clk 0:37:45]} Qf6 {[%clk 0:49:47]} 18. O-O
{[%clk 0:33:56]} Rfd8 {[%clk 0:41:07]} 19. Qe3 {[%clk 0:32:36]} Bxa2
{[%clk 0:39:02]} 20. Qxe4 {[%clk 0:32:30]} Re8 {[%clk 0:36:36]} 21. Qg4
{[%clk 0:27:53]} h5 {[%clk 0:32:51]} 22. Qf3 {[%clk 0:23:56]} Qxf3
{[%clk 0:31:59]} 23. Bxf3 {[%clk 0:24:13]} Rac8 {[%clk 0:32:18]} 24. g4
{[%clk 0:21:05]} hxg4 {[%clk 0:31:24]} 25. Bxg4 {[%clk 0:21:22]} Rxc2
{[%clk 0:30:39]} 26. Bd7 {[%clk 0:21:27]} Ree2 {[%clk 0:29:46]} 27. Bf4
{[%clk 0:20:35]} Re4 {[%clk 0:28:39]} 28. Be3 {[%clk 0:20:23]} Bc4
{[%clk 0:26:46]} 29. Rfe1 {[%clk 0:20:04]} b5 {[%clk 0:26:41]} 30. f3
{[%clk 0:18:48]} Re7 {[%clk 0:26:05]} 31. Bc6 {[%clk 0:17:29]} Bc3
{[%clk 0:24:06]} 32. Rd8+ {[%clk 0:16:30]} Kh7 0-1

[Event "European Youth Chess Championship G16"]
[Site "Prague, Top Hotel Prague"]
[Date "2012.08.25"]
[Round "9.10"]
[White "Garcia-Castany Musellas, Gal La"]
[Black "Ivanova, Simoneta"]
[Result "1/2-1/2"]
[WhiteElo "2019"]
[BlackElo "1952"]
[PlyCount "0"]
[EventDate "2012.08.17"]

1. e4 {[%clk 1:30:58]} e5 {[%clk 1:30:52]} 2. Nf3 {[%clk 1:31:25]} Nc6
{[%clk 1:31:14]} 3. Bb5 {[%clk 1:31:52]} a6 {[%clk 1:31:32]} 4. Ba4
{[%clk 1:32:19]} Nge7 {[%clk 1:31:44]} 5. c3 {[%clk 1:31:11]} g6 {[%clk 1:31:16]}
6. d4 {[%clk 1:30:39]} exd4 {[%clk 1:31:32]} 7. cxd4 {[%clk 1:31:00]} b5
{[%clk 1:31:01]} 8. Bb3 {[%clk 1:29:58]} Na5 {[%clk 1:24:21]} 9. Ng5
{[%clk 1:12:44]} Nxb3 {[%clk 1:23:18]} 10. Qf3 {[%clk 1:12:41]} f5
{[%clk 1:22:44]} 11. Qxb3 {[%clk 0:57:31]} d5 {[%clk 1:22:34]} 12. e5
{[%clk 0:56:14]} h6 {[%clk 1:19:45]} 13. Nh3 {[%clk 0:54:15]} g5 {[%clk 1:07:05]}
14. a4 {[%clk 0:49:19]} c6 {[%clk 0:59:31]} 15. f4 {[%clk 0:47:46]} g4
{[%clk 0:59:17]} 16. Nf2 {[%clk 0:47:56]} Be6 {[%clk 0:56:35]} 17. Nd3
{[%clk 0:46:40]} Ng6 {[%clk 0:55:20]} 18. axb5 {[%clk 0:39:32]} axb5
{[%clk 0:53:59]} 19. Rxa8 {[%clk 0:39:58]} Qxa8 {[%clk 0:54:17]} 20. Qc2
{[%clk 0:40:10]} Kf7 {[%clk 0:47:39]} 21. h4 {[%clk 0:36:05]} gxh3
{[%clk 0:41:56]} 22. Rxh3 {[%clk 0:35:26]} Be7 {[%clk 0:41:13]} 23. Nd2
{[%clk 0:34:13]} Qa4 {[%clk 0:36:30]} 24. Qxa4 {[%clk 0:25:48]} bxa4
{[%clk 0:36:54]} 25. Nf1 {[%clk 0:22:57]} h5 {[%clk 0:32:13]} 26. Ke2
{[%clk 0:19:52]} h4 {[%clk 0:30:00]} 27. Nd2 {[%clk 0:19:12]} Bc8
{[%clk 0:20:47]} 28. Nf3 {[%clk 0:15:10]} Ba6 {[%clk 0:19:32]} 29. Ke3
{[%clk 0:15:35]} Bxd3 {[%clk 0:13:46]} 30. Kxd3 {[%clk 0:16:04]} Rb8
{[%clk 0:13:50]} 31. Kc2 {[%clk 0:14:17]} Rb4 {[%clk 0:05:07]} 32. Rh1
{[%clk 0:14:00]} c5 {[%clk 0:04:31]} 33. Rd1 {[%clk 0:13:48]} c4 {[%clk 0:04:22]}
34. Bd2 {[%clk 0:13:42]} Rb3 {[%clk 0:04:20]} 35. Bc1 {[%clk 0:10:28]} h3
{[%clk 0:02:58]} 36. Ne1 {[%clk 0:10:21]} hxg2 {[%clk 0:01:53]} 37. Nxg2
{[%clk 0:10:50]} Rg3 {[%clk 0:02:15]} 38. Ne3 {[%clk 0:10:46]} Ke6
{[%clk 0:02:06]} 39. Rf1 {[%clk 0:10:46]} Nh4 {[%clk 0:01:37]} 40. Nd1
{[%clk 0:39:37]} Nf3 {[%clk 0:30:44]} 41. Be3 {[%clk 0:39:48]} Nh2
{[%clk 0:18:50]} 42. Rg1 {[%clk 0:39:57]} Rxg1 {[%clk 0:18:19]} 43. Bxg1
{[%clk 0:40:26]} Nf3 {[%clk 0:18:39]} 44. Bf2 {[%clk 0:39:49]} a3
{[%clk 0:09:11]} 45. bxa3 {[%clk 0:40:10]} Bxa3 {[%clk 0:09:39]} 46. Nc3
{[%clk 0:40:30]} Bb4 {[%clk 0:07:57]} 47. Nb5 {[%clk 0:40:07]} Kd7
{[%clk 0:07:56]} 48. Nc3 {[%clk 0:40:15]} Bxc3 {[%clk 0:08:02]} 49. Kxc3
{[%clk 0:40:44]} Ke6 {[%clk 0:06:56]} 50. Kc2 {[%clk 0:37:50]} Nh2
{[%clk 0:06:08]} 51. Be1 {[%clk 0:36:23]} Ng4 {[%clk 0:04:25]} 52. Kd2
{[%clk 0:35:44]} Nh6 {[%clk 0:03:30]} 53. Bh4 {[%clk 0:35:19]} Ng4
{[%clk 0:03:37]} 54. Be1 {[%clk 0:35:03]} Kd7 {[%clk 0:02:58]} 1/2-1/2

[Event "European Youth Chess Championship G16"]
[Site "Prague, Top Hotel Prague"]
[Date "2012.08.25"]
[Round "9.11"]
[White "Dragieva, Denitza"]
[Black "Richterova, Natasa"]
[Result "0-1"]
[WhiteElo "2005"]
[BlackElo "1864"]
[PlyCount "150"]
[EventDate "2012.08.17"]

1. d4 Nf6 2. Nf3 e6 3. g3 b6 4. Bg2 Bb7 5. O-O Be7 6. c4 O-O 7. Re1 d6 8. Nc3
Ne4 9. Qc2 Nxc3 10. Qxc3 c5 11. dxc5 dxc5 12. e4 Nc6 13. Be3 Qc7 14. Bf4 Bd6
15. Bxd6 Qxd6 16. e5 Qc7 17. Ng5 h6 18. Bxc6 Bxc6 19. Ne4 Bxe4 20. Rxe4 Rad8
21. Qe3 Qe7 22. Rg4 Kh8 23. Rf1 Rd7 24. f4 Rd4 25. Qf3 Qd7 26. Rh4 Rd3 27. Qe4
Qd4+ 28. Qxd4 Rxd4 29. b3 Rd2 30. f5 exf5 31. Rxf5 Kg8 32. Rf2 Rfd8 33. Rhf4
Rxf2 34. Rxf2 Kf8 35. Kg2 Rd3 36. Re2 Ke7 37. Kf2 Ke6 38. Kg2 a6 39. Kf2 b5 40.
cxb5 axb5 41. Rc2 Rd5 42. a4 bxa4 43. bxa4 Rxe5 44. a5 Kd6 45. a6 Re7 46. Ra2
Ra7 47. Ke3 Kc6 48. Kd3 Kb5 49. Rb2+ Kxa6 50. Kc4 Rb7 51. Rxb7 Kxb7 52. Kxc5
Kc7 53. Kd5 Kd7 54. Ke5 Ke7 55. g4 f6+ 56. Kf5 Kf7 57. h4 g6+ 58. Kf4 Ke6 59.
Ke4 Kd6 60. h5 gxh5 61. gxh5 Ke6 62. Kf4 f5 63. Kf3 Ke5 64. Ke3 f4+ 65. Kf2 Ke4
66. Ke2 Kf5 67. Kf2 Kg4 68. Kg2 Kxh5 69. Kf3 Kg5 70. Kf2 Kg4 71. Kg2 f3+ 72.
Kf2 h5 73. Kf1 Kg3 74. Kg1 f2+ 75. Kf1 h4 0-1

[Event "European Youth Chess Championship G16"]
[Site "Prague, Top Hotel Prague"]
[Date "2012.08.25"]
[Round "9.12"]
[White "Szente Varga, Fruzsina"]
[Black "Harutyunyan, Ani"]
[Result "0-1"]
[WhiteElo "2053"]
[BlackElo "1835"]
[PlyCount "90"]
[EventDate "2012.08.17"]

1. e4 c5 2. Nf3 Nc6 3. d4 cxd4 4. Nxd4 e5 5. Nb5 d6 6. N1c3 a6 7. Na3 b5 8. Nd5
Nce7 9. c4 Nxd5 10. exd5 bxc4 11. Nxc4 Be7 12. Bd2 a5 13. Rc1 Bd7 14. Be3 Rb8
15. Qd2 Nf6 16. f3 Rb5 17. a4 Rb4 18. Be2 O-O 19. O-O Bxa4 20. Ra1 Qb8 21. f4
Bb3 22. Nxa5 Bxd5 23. fxe5 Rxb2 24. Qd1 dxe5 25. Bc1 Qb6+ 26. Kh1 Ra2 27. Rxa2
Bxa2 28. Qd2 Be6 29. Nc4 Qd4 30. Qxd4 exd4 31. Ne5 Ne4 32. Bb2 Nc3 33. Bd3 Bf6
34. Nf3 Bd5 35. Nd2 Re8 36. Nb1 Be4 37. Bxe4 Nxe4 38. Kg1 Rb8 39. Ba1 h6 40.
Re1 Rb3 41. g3 Nc3 42. Nd2 Ra3 43. Bb2 Ra2 44. Bc1 Rc2 45. Kf1 Na2 0-1

[Event "European Youth Chess Championship G16"]
[Site "Prague, Top Hotel Prague"]
[Date "2012.08.25"]
[Round "9.13"]
[White "Vanagaite, Giedre"]
[Black "Uzlavataya, Anhelina"]
[Result "1-0"]
[WhiteElo "1996"]
[BlackElo "1862"]
[PlyCount "61"]
[EventDate "2012.08.17"]

1. e4 e5 2. Nf3 Nc6 3. Bb5 Nge7 4. O-O g6 5. c3 Bg7 6. Qe2 O-O 7. Rd1 d5 8. d3
a6 9. Ba4 b5 10. Bb3 Na5 11. Bc2 c5 12. Nbd2 Qc7 13. Nf1 Rd8 14. Ng3 Bb7 15.
Bd2 d4 16. cxd4 exd4 17. b4 cxb4 18. Bxb4 Nac6 19. Bd2 Rac8 20. Rdc1 Qd7 21.
Bb3 h6 22. h4 a5 23. a3 Qd6 24. h5 g5 25. Nh2 Be5 26. f4 Bxf4 27. Bxf4 Qxf4 28.
Rf1 Qxg3 29. Rxf7 Kh8 30. Qf1 Ng8 31. Qf5 1-0

[Event "European Youth Chess Championship G16"]
[Site "Prague, Top Hotel Prague"]
[Date "2012.08.25"]
[Round "9.14"]
[White "Papathanasiou, Elisavet"]
[Black "Bellaiche, Elise"]
[Result "1/2-1/2"]
[WhiteElo "1896"]
[BlackElo "1992"]
[PlyCount "31"]
[EventDate "2012.08.17"]

1. Nf3 e6 2. c4 b6 3. g3 Bb7 4. Bg2 f5 5. b3 Nf6 6. Bb2 Be7 7. O-O O-O 8. Nc3
Ne4 9. Nxe4 Bxe4 10. d3 Bb7 11. d4 Bf6 12. Ba3 Be7 13. Bb2 Bf6 14. Ba3 Be7 15.
Bb2 Bf6 16. Ba3 1/2-1/2

[Event "European Youth Chess Championship G16"]
[Site "Prague, Top Hotel Prague"]
[Date "2012.08.25"]
[Round "9.15"]
[White "Tomin, Ksenija"]
[Black "Gogishvili, Dea"]
[Result "0-1"]
[WhiteElo "1954"]
[BlackElo "1875"]
[PlyCount "60"]
[EventDate "2012.08.17"]

1. e4 d5 2. exd5 Qxd5 3. Nc3 Qa5 4. d4 c6 5. Nf3 Nf6 6. Bd2 Qb6 7. Bc4 Bf5 8.
Bb3 e6 9. O-O Bd6 10. Re1 O-O 11. Bg5 Nbd7 12. Ne5 Qc7 13. Qe2 Nd5 14. Nxd5
exd5 15. Nf3 h6 16. Bh4 Rfe8 17. Qd2 Be4 18. Bg3 Re6 19. Re3 Rae8 20. Ne1 Nf6
21. Nd3 Bxd3 22. Rxe6 Rxe6 23. Qxd3 Nh5 24. c3 Qe7 25. Kf1 Bxg3 26. hxg3 Nf6
27. Bc2 Ne4 28. Qd1 Qg5 29. a4 Nxf2 30. Kxf2 Qe3+ 0-1

[Event "European Youth Chess Championship G16"]
[Site "Prague, Top Hotel Prague"]
[Date "2012.08.25"]
[Round "9.16"]
[White "Shakhmurzova, Fatima"]
[Black "Sanders, Catheleijne"]
[Result "1-0"]
[WhiteElo "1905"]
[BlackElo "1800"]
[PlyCount "77"]
[EventDate "2012.08.17"]

1. e4 c5 2. Nf3 d6 3. d4 cxd4 4. Nxd4 Nf6 5. Nc3 a6 6. h3 g6 7. g4 Bg7 8. Bg2
O-O 9. Be3 Nc6 10. Nd5 Bd7 11. O-O Rc8 12. c3 Ne5 13. Bg5 Nxd5 14. exd5 Nc4 15.
b3 Na3 16. Rc1 h6 17. Be3 Qa5 18. Qd2 Kh7 19. f4 Nb5 20. Nxb5 Bxb5 21. c4 Qxd2
22. Bxd2 Bd4+ 23. Kh2 Bd7 24. Rfe1 Bf6 25. b4 b6 26. Be3 Rb8 27. Kg3 Rfc8 28.
Bf1 a5 29. b5 Rc7 30. h4 Bc8 31. Bd3 Bh8 32. Bf2 f5 33. h5 Bg7 34. Re2 Bf6 35.
hxg6+ Kxg6 36. Rg1 Bc3 37. gxf5+ Kf6 38. Kf3 Bxf5 39. Bh4+ 1-0

[Event "European Youth Chess Championship G16"]
[Site "Prague, Top Hotel Prague"]
[Date "2012.08.25"]
[Round "9.17"]
[White "Styazhkina, Anna"]
[Black "Federovski, Adi"]
[Result "1-0"]
[WhiteElo "2150"]
[BlackElo "1851"]
[PlyCount "73"]
[EventDate "2012.08.17"]

1. e4 d6 2. d4 Nf6 3. Nc3 g6 4. Be3 Bg7 5. f3 c6 6. Qd2 Nbd7 7. g4 h6 8. Bd3 b5
9. a3 a6 10. Nge2 Bb7 11. Ng3 e6 12. Be2 c5 13. O-O-O b4 14. Nb1 Rb8 15. Bf4 e5
16. dxe5 dxe5 17. Be3 Qe7 18. h4 Bf8 19. h5 g5 20. Nf5 Qe6 21. b3 Rc8 22. Bc4
Qc6 23. Nd6+ Bxd6 24. Qxd6 a5 25. c3 Qxd6 26. Rxd6 Ke7 27. Rhd1 Bc6 28. Kb2 Rc7
29. a4 Ne8 30. R6d3 Nef6 31. Nd2 Bb7 32. Nf1 Nb6 33. Bb5 Bc8 34. Rd6 Nbd7 35.
Ng3 c4 36. Nf5+ Kd8 37. Rxf6 1-0

[Event "European Youth Chess Championship G16"]
[Site "Prague, Top Hotel Prague"]
[Date "2012.08.25"]
[Round "9.18"]
[White "Blagojevic, Tijana"]
[Black "Johnova, Eliska"]
[Result "0-1"]
[WhiteElo "2004"]
[BlackElo "1798"]
[PlyCount "108"]
[EventDate "2012.08.17"]

1. e4 e6 2. d4 d5 3. e5 c5 4. c3 Nc6 5. Nf3 Nge7 6. Bd3 Nf5 7. dxc5 Bxc5 8. O-O
O-O 9. Nbd2 a6 10. Re1 Qb6 11. Qe2 d4 12. Nb3 dxc3 13. bxc3 Be7 14. Qe4 g6 15.
Bg5 Qd8 16. Bxe7 Qxe7 17. Qf4 Rd8 18. Bc2 Kg7 19. Nbd2 f6 20. exf6+ Qxf6 21.
Ne4 e5 22. Qc1 Qe7 23. Rb1 Be6 24. Qb2 Rab8 25. Bb3 Bg8 26. Qe2 Re8 27. Rbd1
Rbd8 28. Rxd8 Qxd8 29. Nfg5 Na5 30. Rd1 Qe7 31. Bxg8 Rxg8 32. Qd3 Re8 33. Qd5
Nc6 34. Nc5 Qxg5 35. Ne6+ Rxe6 36. Qxe6 Nfe7 37. g3 Qf5 38. Qb3 b5 39. Qa3 a5
40. Qc5 e4 41. Qb6 b4 42. cxb4 axb4 43. Qe3 Nd5 44. Qc5 Nde7 45. Qe3 $11 45...
Ne5 46. Kg2 Qf3+ 47. Qxf3 exf3+ 48. Kf1 N7c6 49. Ke1 Kf6 50. h3 Kf5 51. Kd2 Ke4
52. Kc2 Nd4+ 53. Kb1 Nd3 54. Rf1 Nxf2 0-1

[Event "European Youth Chess Championship G16"]
[Site "Prague, Top Hotel Prague"]
[Date "2012.08.25"]
[Round "9.20"]
[White "Tarnowska, Aleksandra"]
[Black "Pastuszko, Kinga"]
[Result "1/2-1/2"]
[WhiteElo "1839"]
[BlackElo "1946"]
[PlyCount "82"]
[EventDate "2012.08.17"]

1. f4 b5 2. Nf3 Bb7 3. e3 b4 4. b3 e6 5. Bb2 Nf6 6. Be2 Be7 7. O-O O-O 8. h3 c5
9. Kh2 Nc6 10. c4 d5 11. d3 Qc7 12. Ne5 Rad8 13. Nd2 d4 14. Nxc6 Bxc6 15. e4
Nd7 16. g3 f5 17. e5 Kh8 18. Bf3 g5 19. Bxc6 Qxc6 20. Qf3 Qxf3 21. Nxf3 gxf4
22. gxf4 a5 23. a4 Rg8 24. Rg1 Nf8 25. Rxg8+ Kxg8 26. Rg1+ Ng6 27. Bc1 Kf7 28.
Bd2 h6 29. Rg2 Rg8 30. Kg1 Ra8 31. Kf1 Nf8 32. Ke2 Nd7 33. Kd1 Rg8 34. Rxg8
Kxg8 35. Be1 Kg7 36. Ke2 Nb6 37. Nd2 Kg6 38. Nf3 Kh5 39. Kf1 Nd7 40. Kg2 Nf8
41. Bg3 Ng6 1/2-1/2

[Event "European Youth Chess Championship G16"]
[Site "Prague, Top Hotel Prague"]
[Date "2012.08.25"]
[Round "9.21"]
[White "Chetina, Elizaveta"]
[Black "Kiseleva, Arina"]
[Result "1/2-1/2"]
[WhiteElo "1793"]
[BlackElo "1937"]
[PlyCount "84"]
[EventDate "2012.08.17"]

1. e4 c5 2. Nf3 d6 3. d4 cxd4 4. Nxd4 Nf6 5. Nc3 Nc6 6. Be2 e5 7. Nb3 Be7 8.
O-O O-O 9. f4 a5 10. a4 Nb4 11. Be3 Be6 12. f5 Bxb3 13. cxb3 d5 14. exd5 Nfxd5
15. Nxd5 Nxd5 16. Bf2 Bg5 17. Qd3 Nf4 18. Qe4 Nxe2+ 19. Qxe2 Qd5 20. Qg4 Bf6
21. Qh3 Rfd8 22. Rac1 e4 23. Bh4 Qd4+ 24. Kh1 Bxh4 25. Qxh4 e3 26. Qxd4 Rxd4
27. Rfe1 Rd3 28. Rc3 Rad8 29. g3 h5 30. Rxe3 Rd2 31. Kg1 Rxb2 32. Red3 Rxd3 33.
Rxd3 Kf8 34. Re3 f6 35. h3 Kg8 36. Kf1 Kh7 37. h4 Kh6 38. Kg1 g6 39. fxg6 Kxg6
40. Rf3 f5 41. Kf1 Kf6 42. Re3 b6 1/2-1/2

[Event "European Youth Chess Championship G16"]
[Site "Prague, Top Hotel Prague"]
[Date "2012.08.25"]
[Round "9.22"]
[White "Zamanova, Bikakhanim"]
[Black "Schmalhorst, Sophia"]
[Result "0-1"]
[WhiteElo "1788"]
[BlackElo "1905"]
[PlyCount "72"]
[EventDate "2012.08.17"]

1. e4 e5 2. Nf3 Nc6 3. d4 exd4 4. Nxd4 Nf6 5. Nxc6 bxc6 6. Bd3 d5 7. e5 Ng4 8.
O-O Bc5 9. Qe2 Qe7 10. Bf4 g5 11. Bd2 h6 12. Bc3 d4 13. Ba5 Nxe5 14. Re1 Nxd3
15. Qxe7+ Bxe7 16. cxd3 Kd7 17. Bxc7 Bb4 18. Be5 Re8 19. Re4 c5 20. Bg7 Ba6 21.
Na3 Bxd3 22. Rxe8 Rxe8 23. Bxh6 Re2 24. Rd1 Rd2 25. Rxd2 Bxd2 26. b3 Bc1 27.
Nc4 Bb1 28. Bf8 Kc6 29. Kf1 Bxa2 30. Ne5+ Kd5 31. Nd3 Ba3 32. f3 Bxb3 33. Nf2
Bb2 34. Ne4 c4 35. Ke2 c3 36. Bg7 c2 0-1

[Event "European Youth Chess Championship G16"]
[Site "Prague, Top Hotel Prague"]
[Date "2012.08.25"]
[Round "9.23"]
[White "Zemkova, Klara"]
[Black "Beshukova, Ekaterina"]
[Result "0-1"]
[WhiteElo "1646"]
[BlackElo "1879"]
[PlyCount "96"]
[EventDate "2012.08.17"]

1. e4 c5 2. Nf3 e6 3. d4 cxd4 4. Nxd4 a6 5. Bd3 Qc7 6. Qe2 d6 7. c4 Nf6 8. Nc3
b6 9. O-O Bb7 10. f4 Be7 11. Be3 Nbd7 12. b4 b5 13. Rac1 bxc4 14. Bxc4 Qb8 15.
Bd3 O-O 16. a4 a5 17. bxa5 Rxa5 18. Rb1 Qa8 19. Bd2 Rc5 20. a5 Rxa5 21. Nd5
Rxd5 22. exd5 Bxd5 23. Nb5 Rc8 24. Ra1 Qb8 25. Rfb1 Bb7 26. Be3 Nc5 27. Na7 Rc7
28. Bxc5 Rxc5 29. Qb2 Rc7 30. Nb5 Rd7 31. Na7 Qc7 32. Rc1 Qd8 33. Nc6 Bxc6 34.
Rxc6 Nd5 35. Be4 Bf6 36. Qc2 Bd4+ 37. Kh1 Nb4 38. Qb1 Bxa1 39. Qxb4 g6 40. Ra6
d5 41. Bd3 Bf6 42. h3 Qe7 43. Qa4 Kg7 44. Rc6 Ra7 45. Qc2 e5 46. fxe5 Qxe5 47.
Qf2 Ra1+ 48. Bf1 Bh4 0-1

[Event "European Youth Chess Championship G16"]
[Site "Prague, Top Hotel Prague"]
[Date "2012.08.25"]
[Round "9.24"]
[White "Bezkorovaina, Marija"]
[Black "Hiebler, Laura"]
[Result "1-0"]
[WhiteElo "2056"]
[BlackElo "1795"]
[PlyCount "45"]
[EventDate "2012.08.17"]

1. e4 e5 2. Nf3 Nc6 3. Bb5 a6 4. Ba4 Nf6 5. O-O Nxe4 6. d4 exd4 7. Re1 d5 8.
Nxd4 Bd6 9. Qf3 Bd7 10. Nxc6 bxc6 11. Nc3 Bb4 12. Nxe4 Bxe1 13. Bg5 Bxf2+ 14.
Qxf2 Qc8 15. Qc5 f6 16. Nxf6+ Kf7 17. Nxd7 Qxd7 18. Bxc6 Qd6 19. Bxd5+ Ke8 20.
Re1+ Kd7 21. Re7+ Kc8 22. Qxd6 cxd6 23. Bxa8 1-0

[Event "European Youth Chess Championship G16"]
[Site "Prague, Top Hotel Prague"]
[Date "2012.08.25"]
[Round "9.25"]
[White "Jacimovic, Sara"]
[Black "Kopnicka, Henrieta"]
[Result "1-0"]
[WhiteElo "1933"]
[BlackElo "1711"]
[PlyCount "115"]
[EventDate "2012.08.17"]

1. d4 d5 2. e3 c5 3. c3 Nc6 4. f4 Bf5 5. Nf3 e6 6. Be2 Bd6 7. O-O Nf6 8. Ne5 h6
9. Nd2 O-O 10. Qe1 Ne4 11. g4 Nxd2 12. Bxd2 Be4 13. Nf3 c4 14. h4 Be7 15. g5 h5
16. Ne5 Nxe5 17. dxe5 g6 18. Bf3 Bxf3 19. Rxf3 Qc7 20. Qe2 Rfd8 21. Be1 b5 22.
a3 Rab8 23. Rf1 Rb7 24. Bd2 Qb8 25. Rfb1 Rdd7 26. Qe1 a6 27. Kf2 Kf8 28. Qd1
Qa7 29. Qc2 Qb8 30. Ke2 Qc8 31. Qd1 Qb8 32. Qe1 Ke8 33. Qd1 Rdc7 34. Qc2 Rd7
35. Be1 Kf8 36. Bf2 Rdc7 37. Rd1 Rd7 38. Rd2 Rd8 39. Rad1 Rbd7 40. e4 Qb7 41.
f5 exf5 42. exf5 Qc6 43. f6 Bc5 44. Bxc5+ Qxc5 45. e6 Re8 46. e7+ Kg8 47. Rd4
a5 48. Qd2 Qd6 49. Kf1 Qg3 50. Qg2 Qe5 51. Qf3 Qb8 52. Rxd5 Rxd5 53. Rxd5 Qb7
54. Kg2 Qb8 55. Qg3 Qb7 56. Qd6 Qc8 57. Qd7 Qa8 58. Qxe8+ 1-0

[Event "European Youth Chess Championship G16"]
[Site "Prague, Top Hotel Prague"]
[Date "2012.08.25"]
[Round "9.26"]
[White "Cosman, Andreea-Marioara"]
[Black "Foster, Chantelle L"]
[Result "1-0"]
[WhiteElo "1921"]
[BlackElo "1824"]
[PlyCount "83"]
[EventDate "2012.08.17"]

1. d4 d5 2. c4 c6 3. cxd5 cxd5 4. Nc3 Nf6 5. Bf4 Nc6 6. e3 a6 7. Bd3 Bg4 8. f3
Bh5 9. Nge2 e6 10. g4 Bg6 11. h4 Bxd3 12. Qxd3 Be7 13. O-O-O Rc8 14. Kb1 b5 15.
Ng3 Bb4 16. Nce2 Bd6 17. g5 Nb4 18. Qb3 Ng8 19. e4 a5 20. Bxd6 Qxd6 21. e5 Qb8
22. Nh5 g6 23. Nf6+ Nxf6 24. gxf6 h6 25. f4 Kd7 26. a3 Nc6 27. Nc3 Na7 28. Nxd5
a4 29. Qb4 Nc6 30. Qc5 exd5 31. Qxd5+ Ke8 32. Rhe1 Qc7 33. e6 Kf8 34. e7+ Ke8
35. Qxb5 Rb8 36. Qxa4 Qb7 37. Rd2 Ra8 38. d5 Rxa4 39. dxc6 Qc7 40. Red1 Ra8 41.
Rd7 Qa5 42. Ka1 1-0

[Event "European Youth Chess Championship G16"]
[Site "Prague, Top Hotel Prague"]
[Date "2012.08.25"]
[Round "9.27"]
[White "Shepherd, Katherine M"]
[Black "Dziodzio, Angelika"]
[Result "0-1"]
[WhiteElo "1766"]
[BlackElo "1886"]
[PlyCount "120"]
[EventDate "2012.08.17"]

1. d4 Nf6 2. Nf3 c5 3. c3 b6 4. Bf4 Bb7 5. e3 g6 6. Nbd2 Bg7 7. h3 O-O 8. Be2
d6 9. O-O Nbd7 10. Bh2 Re8 11. Qb3 e5 12. dxe5 Nxe5 13. Rad1 Qe7 14. Nxe5 dxe5
15. Nc4 Bd5 16. e4 Be6 17. Qc2 Nd7 18. Nd6 Red8 19. Nb5 Nf8 20. Rxd8 Rxd8 21.
Na3 h5 22. Bc4 Nh7 23. Rd1 Rd7 24. b3 Ng5 25. Bxe6 Qxe6 26. Rxd7 Qxd7 27. Nc4
f6 28. Qd2 Qxd2 29. Nxd2 Bh6 30. h4 Nf7 31. Nf1 Nd6 32. c4 Nxe4 33. Ne3 Nc3 34.
a4 Bxe3 35. fxe3 Nd1 36. Bg3 Nxe3 37. Be1 Nc2 38. Bd2 a5 39. Kf2 Nd4 40. Bc3
Nxb3 41. Ke3 Kf7 42. Ke4 Ke6 43. Be1 f5+ 44. Ke3 Nd4 45. Bc3 Nc6 46. Kf3 Ne7
47. Bb2 Nc8 48. Ke3 Nd6 49. Kd3 f4 50. Bc1 Kf5 51. Bd2 e4+ 52. Kc3 e3 53. Be1
Ke4 54. Kb3 Kd3 55. Bc3 Ne4 56. g4 Nxc3 57. gxh5 e2 58. hxg6 e1=Q 59. g7 Qb1+
60. Ka3 Qa2# 0-1

[Event "European Youth Chess Championship G16"]
[Site "Prague, Top Hotel Prague"]
[Date "2012.08.25"]
[Round "9.28"]
[White "Leonardi, Caterina"]
[Black "Machlik, Monika"]
[Result "1/2-1/2"]
[WhiteElo "1884"]
[BlackElo "1718"]
[PlyCount "93"]
[EventDate "2012.08.17"]

1. d4 Nf6 2. c4 e6 3. Nc3 Bb4 4. e3 b6 5. Bd3 Bb7 6. Nf3 O-O 7. O-O Bxc3 8.
bxc3 Ne4 9. Qc2 f5 10. Nd2 Nxd2 11. Bxd2 d6 12. e4 fxe4 13. Bxe4 Bxe4 14. Qxe4
Nd7 15. Qxe6+ Kh8 16. Rae1 Qe8 17. f3 Nf6 18. Rf2 Qxe6 19. Rxe6 Rae8 20. Rfe2
Rxe6 21. Rxe6 Re8 22. Rxe8+ Nxe8 23. g4 Kg8 24. g5 Kf7 25. Kg2 Ke6 26. Kg3 Kf5
27. Bf4 g6 28. h4 Ng7 29. Be3 Ne6 30. Kf2 Nd8 31. c5 dxc5 32. dxc5 b5 33. Ke2
c6 34. Kf2 Ne6 35. Kg3 Nc7 36. Kf2 Nd5 37. Bd2 Nc7 38. Ke2 Ke5 39. f4+ Ke4 40.
Kf2 Ne6 41. Kg3 Nxc5 42. h5 Nd3 43. h6 c5 44. Kg4 a5 45. a3 Nf2+ 46. Kg3 Nd3
47. Kg4 $11 1/2-1/2

[Event "European Youth Chess Championship G16"]
[Site "Prague, Top Hotel Prague"]
[Date "2012.08.25"]
[Round "9.29"]
[White "Rojikova, Lenka"]
[Black "Skakun, Valentina"]
[Result "1-0"]
[WhiteElo "1866"]
[BlackElo "1884"]
[PlyCount "101"]
[EventDate "2012.08.17"]

1. e4 c5 2. Nf3 g6 3. d4 cxd4 4. Nxd4 Bg7 5. Be3 Nc6 6. Nc3 Nf6 7. Nxc6 bxc6 8.
e5 Ng8 9. Bd4 f6 10. f4 Qa5 11. Qe2 fxe5 12. Bxe5 Nf6 13. Qc4 Bb7 14. O-O-O d5
15. Qa4 Qxa4 16. Nxa4 Kf7 17. Nc5 Bc8 18. Bd3 Re8 19. Rhe1 Bh6 20. h3 Nd7 21.
Nxd7 Bxd7 22. Ba6 Bc8 23. Bxc8 Raxc8 24. Rd4 e6 25. Ra4 Re7 26. g3 Bg7 27. Bxg7
Kxg7 28. Re3 c5 29. Rea3 Rcc7 30. Kd2 Kf6 31. Ra6 Rb7 32. b3 g5 33. fxg5+ Kxg5
34. Rc6 Rbc7 35. Raa6 Kf5 36. Ke3 Ke5 37. Rd6 c4 38. b4 d4+ 39. Rxd4 Rg7 40.
Re4+ Kd5 41. Rexe6 c3 42. g4 Kc4 43. Re4+ Kb5 44. Ra5+ Kb6 45. Re6+ Kb7 46.
Rb5+ Kc8 47. Ree5 Rce7 48. Rxe7 Rxe7+ 49. Kd4 Rf7 50. Rc5+ Kb7 51. Rxc3 1-0

[Event "European Youth Chess Championship G16"]
[Site "Prague, Top Hotel Prague"]
[Date "2012.08.25"]
[Round "9.30"]
[White "Turk, Tajana"]
[Black "Stranska, Kamila"]
[Result "1/2-1/2"]
[WhiteElo "1907"]
[BlackElo "1633"]
[PlyCount "88"]
[EventDate "2012.08.17"]

1. b3 e5 2. Bb2 Nc6 3. e3 d6 4. Nf3 Bg4 5. h3 Bh5 6. Be2 Nf6 7. O-O Be7 8. c4
O-O 9. Nc3 Nd7 10. d4 exd4 11. exd4 Bf6 12. Nd5 Ne7 13. Nxf6+ Nxf6 14. d5 Bxf3
15. Bxf3 Ng6 16. Re1 Nd7 17. Be4 Nde5 18. Qh5 h6 19. Re3 Qg5 20. Qxg5 hxg5 21.
Bxe5 Nxe5 22. Rg3 Rae8 23. Bc2 f6 24. Bf5 g6 25. Be6+ Kg7 26. Rc1 Re7 27. c5
dxc5 28. Rxc5 c6 29. Bg4 Rd8 30. dxc6 Nxc6 31. Rgc3 Re1+ 32. Kh2 Rd2 33. Rc2
Rxc2 34. Rxc2 Re7 35. Rd2 Ne5 36. Be2 Kf7 37. Kg3 Rc7 38. f3 Ke7 39. Kf2 Rc3
40. Rd4 Rc2 41. a4 b6 42. Ke1 Rc1+ 43. Kf2 Rc2 44. Ke1 Rc1+ 1/2-1/2